000 01190nam a2200313 i 4500
003 EG-GICUC
005 20260410122954.0
008 260410s1997 uk ||||fr|||| 000 0 fre d
040 _aEG-GiCUC
_bfre
_cEG-GiCUC
_dEG-GiCUC
_eRda
082 0 4 _221
_a341.48
_bCO
092 0 4 _221
099 _aLaw1 11 341.48 CO 1997
245 1 3 _aLa Convention Européenne Des Droits De L'homme : Développements Récents Et Nouveaux Défis /
_cJean-françois Flauss, Michel De Salvia.
264 1 _aLondon :
_bNemesis,
_c1997.
300 _a198page :
_billustration ;
_c 24 cm.
336 _2rda contenu
_a texte
337 _2rda medias
_aOrdinateur
338 _2 transporteur rda
_a Ressource en ligne
500 _aActes De La Journée D'études Du 30 Novembre 1996 Organisée À L'institut Des Hautes Études Européennes De Strasbourg À La Mémoire De Marc-andré Eissen
504 _a
546 _aTexte en français
650 1 4 _aDroit international public
_2
651 1 _2
700 1 _aFlauss, Jean-françois
_eÉditeur
700 1 _aSalvia, Michel De
_eÉditeur
856 4 0 _uhttps://fll.law.cu.edu.eg/fulltext/bks/B11-08890.pdf
905 _a50
942 _2ddc
_cBK
_e21
_n0
999 _c69944
_d69944